<?xml version="1.0" encoding="UTF-8"?>
<collection xmlns="http://www.loc.gov/MARC21/slim">
<record>
  <controlfield tag="000">03995ckm\a2200577Ii\4500</controlfield>
  <controlfield tag="001">257731</controlfield>
  <controlfield tag="005">20251009105337.0</controlfield>
  <controlfield tag="007">ki\coo</controlfield>
  <controlfield tag="008">080605s1964\\\\dcunnn\\\\\\\f\\\\kneng\d</controlfield>
  <datafield tag="035" ind1=" " ind2=" ">
    <subfield code="a">(OCoLC)on1019824855</subfield>
  </datafield>
  <datafield tag="035" ind1=" " ind2=" ">
    <subfield code="a">(OCoLC)1019824855</subfield>
  </datafield>
  <datafield tag="040" ind1=" " ind2=" ">
    <subfield code="a">UXG</subfield>
    <subfield code="b">eng</subfield>
    <subfield code="e">rda</subfield>
    <subfield code="c">UXG</subfield>
    <subfield code="d">UtOrBLW</subfield>
  </datafield>
  <datafield tag="110" ind1="2" ind2=" ">
    <subfield code="a">United States Postal Service,</subfield>
    <subfield code="0">n  80013137,</subfield>
    <subfield code="e">issuing body.</subfield>
  </datafield>
  <datafield tag="245" ind1="1" ind2="1">
    <subfield code="a">[Five-cent stamp, Shakespeare issue, on Shakespeare Anniversary Committee first-day cover]</subfield>
    <subfield code="h">[graphic].</subfield>
  </datafield>
  <datafield tag="246" ind1="1" ind2=" ">
    <subfield code="i">Folger card catalog title:</subfield>
    <subfield code="a">Shakespeare stamps 1964, United States Shakespeare Anniversary Committee official first day cover with the Shakespeare stamp</subfield>
  </datafield>
  <datafield tag="258" ind1=" " ind2=" ">
    <subfield code="a">United States :</subfield>
    <subfield code="b">5 cents</subfield>
  </datafield>
  <datafield tag="264" ind1=" " ind2="1">
    <subfield code="a">[Washington, D.C.] :</subfield>
    <subfield code="b">[United States Postal Service],</subfield>
    <subfield code="c">1964.</subfield>
  </datafield>
  <datafield tag="264" ind1=" " ind2="2">
    <subfield code="a">Stratford, Connecticut :</subfield>
    <subfield code="b">American Shakespeare Festival Theatre</subfield>
  </datafield>
  <datafield tag="264" ind1=" " ind2="3">
    <subfield code="a">[Washington, D.C.] :</subfield>
    <subfield code="b">[Bureau of Engraving and Printing]</subfield>
  </datafield>
  <datafield tag="300" ind1=" " ind2=" ">
    <subfield code="a">1 stamp (affixed to envelope) :</subfield>
    <subfield code="b">rotary process, black ink on tan paper ;</subfield>
    <subfield code="c">envelope 9.5 x 17 cm</subfield>
  </datafield>
  <datafield tag="336" ind1=" " ind2=" ">
    <subfield code="a">still image</subfield>
    <subfield code="b">sti</subfield>
    <subfield code="2">rdacontent</subfield>
  </datafield>
  <datafield tag="337" ind1=" " ind2=" ">
    <subfield code="a">unmediated</subfield>
    <subfield code="b">n</subfield>
    <subfield code="2">rdamedia</subfield>
  </datafield>
  <datafield tag="338" ind1=" " ind2=" ">
    <subfield code="a">sheet</subfield>
    <subfield code="b">nb</subfield>
    <subfield code="2">rdacarrier</subfield>
  </datafield>
  <datafield tag="340" ind1=" " ind2=" ">
    <subfield code="a">paper</subfield>
    <subfield code="e">paper</subfield>
    <subfield code="2">rdamat</subfield>
  </datafield>
  <datafield tag="340" ind1=" " ind2=" ">
    <subfield code="c">ink</subfield>
    <subfield code="2">rdamat</subfield>
  </datafield>
  <datafield tag="340" ind1=" " ind2=" ">
    <subfield code="g">polychrome</subfield>
    <subfield code="2">rdacc</subfield>
  </datafield>
  <datafield tag="500" ind1=" " ind2=" ">
    <subfield code="a">Title supplied by cataloger.</subfield>
  </datafield>
  <datafield tag="500" ind1=" " ind2=" ">
    <subfield code="a">Stamp was designed by Douglas Gorsline. Printed by rotary process and issued in panes of fifty stamps. Initial printing of 118 million stamps. First sold through the Stratford, Connecticut post office on August 14, 1964.</subfield>
  </datafield>
  <datafield tag="500" ind1=" " ind2=" ">
    <subfield code="a">There are several variants of this cover. In one, the words "official first day cover" are integrated into the cachet illustration at center left; in another, "official first day cover" appears at the bottom right.</subfield>
  </datafield>
  <datafield tag="510" ind1="4" ind2=" ">
    <subfield code="a">Stanley Gibbons simplified stamp catalogue,</subfield>
    <subfield code="c">1232</subfield>
  </datafield>
  <datafield tag="510" ind1="3" ind2=" ">
    <subfield code="a">Smithsonian Institution. National Postal Museum, Arago database</subfield>
  </datafield>
  <datafield tag="510" ind1="4" ind2=" ">
    <subfield code="a">Spencer, Albert. The philatelic Shakespeare,</subfield>
    <subfield code="c">page 72</subfield>
  </datafield>
  <datafield tag="510" ind1="4" ind2=" ">
    <subfield code="a">Scott standard postage stamp catalogue,</subfield>
    <subfield code="c">1250</subfield>
  </datafield>
  <datafield tag="520" ind1=" " ind2=" ">
    <subfield code="a">One black-and-white stamp commemorating the 400th anniversary of the birth of William Shakespeare, affixed to a first-day cover issued in Stratford, Connecticut. Stamp features illustration of Shakespeare in striped doublet, holding quill with skull sitting nearby. Red and black cachet on left side of cover featuring an image of the Shakespeare family crest flanked by "1564 - 1964" and an image of the American Shakespeare Festival Theatre. Caption: "Shakespeare Anniversary Committee at... American Shakespeare Festival Theatre, Stratford, Connecticut." Postmarked by the Stratford, Connecticut post office, August 14, 1964.</subfield>
  </datafield>
  <datafield tag="530" ind1=" " ind2=" ">
    <subfield code="a">Also available as a digital reproduction.</subfield>
  </datafield>
  <datafield tag="583" ind1="0" ind2=" ">
    <subfield code="a">revised</subfield>
    <subfield code="c">2017-01</subfield>
    <subfield code="k">EEW</subfield>
    <subfield code="n">1</subfield>
    <subfield code="o">link</subfield>
    <subfield code="x">Luna</subfield>
    <subfield code="2">local</subfield>
    <subfield code="5">DFo</subfield>
  </datafield>
  <datafield tag="583" ind1="0" ind2=" ">
    <subfield code="a">cataloged</subfield>
    <subfield code="c">2018-01-17</subfield>
    <subfield code="k">SEH</subfield>
    <subfield code="n">2</subfield>
    <subfield code="o">pieces</subfield>
    <subfield code="2">local</subfield>
    <subfield code="5">DFo</subfield>
  </datafield>
  <datafield tag="600" ind1="1" ind2="0">
    <subfield code="a">Shakespeare, William,</subfield>
    <subfield code="d">1564-1616,</subfield>
    <subfield code="0">n  78095332,</subfield>
    <subfield code="e">depicted.</subfield>
  </datafield>
  <datafield tag="600" ind1="1" ind2="0">
    <subfield code="a">Shakespeare, William,</subfield>
    <subfield code="d">1564-1616</subfield>
    <subfield code="x">Anniversaries, etc.</subfield>
    <subfield code="0">sh 85120826 </subfield>
  </datafield>
  <datafield tag="600" ind1="1" ind2="0">
    <subfield code="a">Shakespeare, William,</subfield>
    <subfield code="d">1564-1616</subfield>
    <subfield code="x">Appreciation.</subfield>
    <subfield code="0">sh 85120829 </subfield>
  </datafield>
  <datafield tag="655" ind1=" " ind2="7">
    <subfield code="a">Postage stamps.</subfield>
    <subfield code="0">300037321</subfield>
    <subfield code="2">aat</subfield>
  </datafield>
  <datafield tag="655" ind1=" " ind2="7">
    <subfield code="a">First day covers.</subfield>
    <subfield code="0">300195405</subfield>
    <subfield code="2">aat</subfield>
  </datafield>
  <datafield tag="655" ind1=" " ind2="7">
    <subfield code="a">Envelopes.</subfield>
    <subfield code="0">300197601</subfield>
    <subfield code="2">aat</subfield>
  </datafield>
  <datafield tag="700" ind1="1" ind2=" ">
    <subfield code="a">Gorsline, Douglas W.,</subfield>
    <subfield code="d">1913-1985,</subfield>
    <subfield code="0">n  82033017,</subfield>
    <subfield code="e">artist.</subfield>
  </datafield>
  <datafield tag="710" ind1="1" ind2=" ">
    <subfield code="a">United States.</subfield>
    <subfield code="b">Bureau of Engraving and Printing,</subfield>
    <subfield code="0">n  79139615,</subfield>
    <subfield code="e">printer.</subfield>
  </datafield>
  <datafield tag="710" ind1="2" ind2=" ">
    <subfield code="a">American Shakespeare Festival Theatre and Academy,</subfield>
    <subfield code="0">n  88666559,</subfield>
    <subfield code="e">distributor.</subfield>
  </datafield>
  <datafield tag="752" ind1=" " ind2=" ">
    <subfield code="a">United States</subfield>
    <subfield code="b">District of Columbia</subfield>
    <subfield code="d">Washington.</subfield>
    <subfield code="2">naf</subfield>
  </datafield>
  <datafield tag="852" ind1="8" ind2=" ">
    <subfield code="a">US-DFo</subfield>
    <subfield code="b">DeckB-Art</subfield>
    <subfield code="h">ART 248- 906</subfield>
    <subfield code="m">(size XS)</subfield>
    <subfield code="z">"Official first day cover" appears at the bottom right. Gift of Kent Cartwright.</subfield>
    <subfield code="7">103689</subfield>
    <subfield code="j">248906</subfield>
  </datafield>
  <datafield tag="852" ind1="8" ind2=" ">
    <subfield code="a">US-DFo</subfield>
    <subfield code="b">DeckB-Art</subfield>
    <subfield code="h">ART File S527.3 no.28</subfield>
    <subfield code="x">CIN=mc</subfield>
    <subfield code="z">"Official first day cover" is integrated into the cachet illustration at center left</subfield>
    <subfield code="7">340783</subfield>
    <subfield code="j">No case or accession number present</subfield>
  </datafield>
  <datafield tag="856" ind1="4" ind2="1">
    <subfield code="u">https://digitalcollections.folger.edu/img119645</subfield>
    <subfield code="z">Digital image(s) of Folger Shakespeare Library ART File S527.3 no.28</subfield>
  </datafield>
  <datafield tag="909" ind1="C" ind2="O">
    <subfield code="o">oai:catalog.folger.edu:257731</subfield>
    <subfield code="p">GLOBAL_SET</subfield>
  </datafield>
  <datafield tag="980" ind1=" " ind2=" ">
    <subfield code="a">BIB</subfield>
  </datafield>
  <datafield tag="983" ind1=" " ind2=" ">
    <subfield code="a">Online</subfield>
  </datafield>
  <datafield tag="983" ind1=" " ind2=" ">
    <subfield code="a">Vault</subfield>
  </datafield>
</record>
</collection>